| 000 | 00565nam a22002057a 4500 | ||
|---|---|---|---|
| 999 |
_c480950 _d480950 |
||
| 003 | NUST | ||
| 005 | 20180829051728.0 | ||
| 008 | 180829b ||||| |||| 00| 0 eng d | ||
| 020 | _a9698510222 | ||
| 022 | _a9698510222 | ||
| 038 | _a0 | ||
| 050 | _a297.48 | ||
| 082 | _a297.48 | ||
| 100 |
_aQadiri,Muhammad Riaz. _912318 |
||
| 245 |
_aIlhamat-e-Ghaus-e-Azam _bHazrat Shaikh Syed Abdul Qadir Jilani (R.A.) _cMuhammad Riaz Qadiri. |
||
| 260 |
_aPakistan. _bAbbasi Publications. _c2002. |
||
| 300 | _a128p. | ||
| 500 | _aPaper Cover. | ||
| 942 |
_2ddc _cBK _k297.48 |
||